Looting Africa: The economics of exploitation (Record no. 42615)

MARC details
000 -LEADER
fixed length control field 00317nam a2200121Ia 4500
020 ## - INTERNATIONAL STANDARD BOOK NUMBER
ISBN 1842778110
082 ## - DEWEY DECIMAL CLASSIFICATION NUMBER
Classification number 332.142.4
Item number BON
100 ## - MAIN ENTRY--AUTHOR NAME
Personal name Bond, Patrick
245 #0 - TITLE STATEMENT
Title Looting Africa: The economics of exploitation
260 ## - PUBLICATION, DISTRIBUTION, ETC. (IMPRINT)
Place of publication London
Name of publisher Zed Books
Year of publication 2006
942 ## - ADDED ENTRY ELEMENTS (KOHA)
Koha item type Books
Holdings
Withdrawn status Lost status Damaged status Not for loan Home library Current library Date acquired Cost, normal purchase price Full call number Accession Number Koha item type
        RRII Library RRII Library 16/12/2021 12.99 332.142.4 BON 22885 Books